000 01932cam a2200169 4500500
005 20260208010827.0
041 _afre
042 _adc
100 1 0 _aLorvellec, Yves
_eauthor
245 0 0 _aFabio Merlini, Schizotopies. Essai sur l’espace de la mobilisation, trad. de l’italien par Sabine Plaud, Paris, Cerf (coll. « Passages »), 2013, 219 p., 24 €
260 _c2014.
500 _a60
520 _aComment Joseph Raphson conçoit-il l’espace, dans son rapport à la détermination newtonienne de l’espace absolu ? La position radicale de Raphson, qui fait de l’espace un attribut stricto sensu de Dieu, ne permet guère d’éclairer les enjeux théologiques de la position de Newton. D’une part, Raphson n’appartenait pas réellement au cercle des newtoniens. D’autre part, et surtout, il pousse à ses limites la notion d’espace absolu en en faisant une entité spirituelle qui est en même temps ce que les corps ont de plus intime. Il s’engage ainsi dans une métaphysique que Newton refuse.
520 _aRaphson and Newton. The Theologization of SpaceHow did Joseph Raphson conceive space, especially in its relation to the newtonian conception of absolute space? Raphson’s radical position, which considered space to be an attribute of God stricto sensu, does not shed much light on the theological issues raised by Newton’s conceptions. On the one hand, Raphson did not really belong to the Newtonian inner circle. On the other hand, and most specifically, he overstretched the very notion of absolute space by turning it into a spiritual entity that itself constituted the very essence of bodies. By so doing, he paved the way for a metaphysics Newton refused.
786 0 _nRevue philosophique de la France et de l'étranger | 139 | 1 | 2014-02-01 | p. 91f-96f | 0035-3833
856 4 1 _uhttps://shs.cairn.info/revue-philosophique-2014-1-page-91f?lang=fr&redirect-ssocas=7080
999 _c1658411
_d1658411